000 01100nam a22001817a 4500
003 IT-RoPau
005 20220918181104.0
008 130417b xxu||||| |||| 00| 0 eng d
040 _cIT-RoPau
100 _aFamiglia Paolina
_998
245 _aUn anno di particolare santificazione
_bLe riflessioni di Don Alberione dal San Paolo Generalizia del 1963
250 _a1° ed
260 _aRoma
_bSSP Provincia Italia
_c2003
300 _a64 pp.
_c21 cm
490 _aSan Paolo
_vn° 2 - Marzo 2003
520 _aIndice Saluto del Superiore Provinciale Un anno di partcolare santificazione - 1 Atti del Governo Provinciale Assemblea Circoscrizionale 1. Introduzione del Superiore provinciale 2. Lavori di gruppo 3. Orientamenti per la Provincia Italia 4. Sintesi di alcuni interventi Come favorire la formazione permanente alla luce delle linee operative del Capitolo Provinciale Don Guido Gandolfo La missione paolina nell'oggi della storia e della cultura alla luce del carisma di Don Alberione P. Bartolomeo Sorge S.I Defunti Paolini della Provincia Italia Familiari defunti
942 _2ddc
_cCR
999 _c98376
_d98376